000 00699nam a22001937a 4500
999 _c176379
_d176379
005 20201230151905.0
010 _aUR-10969
020 _c150.00
_a9789384255671
035 _aU-9524
037 _bDBAD/PUB
082 _a841.08
100 _aڈ ا کٹر گلشن
245 _aا ٹھا ر و يں صد ی کا شعر ی منظر نا مہ
_cڈ ا کٹر گلشن
246 _bAttharvi Sadi Ka Manzar nama (Urdu)
_aby Dr. Gulshan
260 _aN.Delhi
_bEducational Publishing House
_c2019 ء
270 _aH.O.D1/16,Ansari Road,Darya ganj,
_bN.Delhi
_e110002
_k45678285,23216162
_l0091-11-23211540
300 _a288 ص
_c22 Cm(Hb)
942 _2ddc
_cUR
_h841.08
_mگ ل ش